000 00860cab a2200253 4500
001 WB3405-15
008 090401t1998 xxu||||| |||| 00| 0 eng d
035 _a(Sirsi) u83560
041 _aeng
245 _aEvidence reveals homes shortfall
260 _c1998
350 _a0
490 _aFinancial Times
_v5 February 1998, 14
490 _aTimes
_v6 February 1998, 10(2)
520 _aMore than 5m new homes will be needed for the elderly between 1991 and 2016, 10 per cent above the official forecast, according to the Joseph Rowntree Foundation. There have been calls for the present `predict and provide` policy to be abandoned.
650 _aELDERLY PEOPLE
650 _aHOUSING DEMAND
650 _aHOUSING NEED
650 _aJOSEPH ROWNTREE FOUNDATION
650 _aNEW HOMES
690 _aHOUSING
942 _n0
948 _c05/02/1998
999 _c52789
_d52789